|
|
|
|
| LEADER |
00000cam a2200000 7i4500 |
| 001 |
0000003248 |
| 005 |
20050325.0 |
| 020 |
0 |
0 |
|a 0749432594
|
| 090 |
0 |
0 |
|a 658.452
|b BRA
|
| 100 |
1 |
0 |
|a Bradbury, Andrew.
|
| 245 |
1 |
0 |
|a Successful presentation skills
|c Andrew Bradbury.
|
| 250 |
0 |
0 |
|a 2nd ed.
|
| 260 |
0 |
0 |
|a London :
|b Kogan Page ,
|c 2004.
|
| 300 |
|
|
|a v, 137 p. :
|b ill. ;
|c 22 cm.
|
| 440 |
0 |
0 |
|a Creating success
|
| 500 |
0 |
0 |
|a Previous ed. published as: Successful presentation skills. 1995.
|
| 500 |
0 |
0 |
|a Published in association with the Sunday Times.
|
| 650 |
0 |
0 |
|a Business presentations.
|
| 650 |
0 |
0 |
|a Oral communication.
|
| 650 |
0 |
0 |
|a Public speaking.
|
| 999 |
|
|
|a 0000006155
|b Monograph
|c Open Shelf
|e Default branch
|